[Event "Bucharest ENE"]
[Site "Bucharest"]
[Date "1993.??.??"]
[Round "8"]
[White "Lupu, Mircea Sergiu"]
[Black "Schwartzman, Gabriel"]
[Result "0-1"]
[WhiteElo "2400"]
[BlackElo "2480"]
[Annotator "Horn,Pe"]
[PlyCount "79"]
[EventDate "1993.??.??"]
[EventType "tourn"]
[EventRounds "11"]
[EventCountry "ROU"]
[EventCategory "8"]
[SourceTitle "CBM 040"]
[Source "ChessBase"]
[SourceDate "1994.06.01"]
[SourceVersion "1"]
[SourceVersionDate "1994.06.01"]
[SourceQuality "1"]

1. b3 d5 2. Bb2 Nf6 3. Nf3 c6 4. g3 Bg4 5. Bg2 Nbd7 6. O-O e6 7. d3 Bd6 8. Nbd2
O-O 9. h3 Bxf3 10. Nxf3 (10. exf3 $6 e5) (10. Bxf3 a5 11. a4 Qb6 12. Kh2 (12.
d4 e5 13. e3 e4 14. Be2 Ne8 15. c4 Qd8 16. Ba3 Bxa3 17. Rxa3 Nc7 18. Kh2 f5 $15
{Heyken-Lutz/Budapest/1989}) 12... Be5 13. c3 Bd6 14. Bg2 e5 $10 {Bayer-Lutz/
Bundesliga/1989}) 10... e5 (10... Qe7 11. c4 (11. a3 a5 12. c4 Rfd8 (12... e5
13. e4 $5 dxe4 14. dxe4 Nc5 15. b4 Na6 16. c5 $14 {Troyke-Ruf/Bundesliga/1993})
13. Nd4 $13 {Znamenacek-Golikov/Oberwart/1991}) 11... Ba3 $10 {Benkö-Hennings/
Siegen/1970}) (10... a5 11. a3 a4 12. b4 c5 13. bxc5 Bxc5 14. Qd2 {remis/
Gschnitzer-Lutz/Wildbad/1990}) 11. c4 (11. Qe1 $6 e4) (11. Nd2 Qe7 12. e4 Ba3
13. Bxa3 Qxa3 14. exd5 cxd5 15. c4 dxc4 16. dxc4 Rad8 {Jurek-Komarov/Bad
Wildbad/1991}) (11. e4 dxe4 12. dxe4 Nxe4 13. Nh4 Ndf6 14. Re1 Nc5 15. Nf5 Bc7
16. Bxe5 $10) 11... Re8 (11... Qe7 12. Qc2 Rfe8 13. e3 Ba3 14. Bxa3 Qxa3 15.
cxd5 (15. d4 e4 16. Nd2 $14 {Ftacnik}) 15... Nxd5 16. Rfd1 a5 17. d4 e4 18. Ne5
Nxe5 19. dxe5 Rxe5 20. Bxe4 $14 {Timman-Karpov/Jakarta/1993}) 12. Rc1 $6 (12.
Qc2 $1) 12... a5 13. Rc2 (13. a3 Qe7 {><a3}) 13... a4 14. Nd2 Qb6 (14... Qe7 $5
) 15. e3 d4 16. exd4 exd4 17. Qa1 $1 c5 (17... axb3 18. Nxb3 c5) 18. bxa4 Rxa4
19. Rb1 Qc7 20. Nf3 h6 21. a3 Raa8 22. Re1 Rxe1+ 23. Qxe1 Re8 24. Qd1 (24. Re2
$10) 24... Nb8 25. Bc1 Nc6 26. Rb2 b6 27. Rb5 Rb8 28. Bd2 (28. Nh4 {/\ Nf5})
28... Na7 29. Rb3 (29. Rb1 b5 $5) 29... Qe7 30. Qb1 Bc7 31. Kf1 (31. Bf4 $2
Bxf4 32. gxf4 Qd6 33. Ne5 Nh5 $17) 31... Re8 32. Qd1 Qd7 33. Qc2 Qe6 34. Rb1
Nc8 (34... Qe2+ 35. Kg1 {/\ Re1+-}) 35. a4 Qd7 36. Be1 $6 (36. Re1 $10) (36.
Qb3 $5 {/\ Qb5}) 36... Ne7 37. Nd2 Nf5 38. Kg1 Bxg3 $2 39. fxg3 Re2 40. Qd1 $2
(40. Qd1 $2 Rxg2+ $19) (40. Qc1 Rxg2+ (40... Ne3 41. Bf2) (40... Qe6 41. Bf2)
41. Kxg2 Ne3+ 42. Kh2 Qc6 (42... Qf5 $18 43. Rxb6) (42... Nfg4+ 43. hxg4 Qxg4
44. Bf2 $18) 43. Ne4 Nxe4 44. dxe4 Qxe4 45. Rb2 $18) (40. Bf1 $2 Ne3) 0-1

[Event "EU-chT (Men) 13th"]
[Site "Leon"]
[Date "2001.11.08"]
[Round "3.1"]
[White "Damljanovic, Branko"]
[Black "Van Wely, Loek"]
[Result "1-0"]
[WhiteElo "2569"]
[BlackElo "2714"]
[Annotator "Horn,Pe"]
[PlyCount "155"]
[EventDate "2001.11.06"]
[EventType "team-swiss"]
[EventRounds "9"]
[EventCountry "ESP"]
[SourceTitle "CBM 086"]
[Source "ChessBase"]
[SourceDate "2002.02.05"]
[SourceVersion "1"]
[SourceVersionDate "2002.02.05"]
[SourceQuality "1"]
[WhiteTeam "Yugoslavia"]
[BlackTeam "Netherlands"]
[WhiteTeamCountry "YUG"]
[BlackTeamCountry "NED"]

1. g3 d5 2. Nf3 g6 3. Bg2 Bg7 4. O-O Nf6 5. d3 O-O 6. c3 Re8 7. Qc2 e5 8. e4 h6
(8... Nc6 9. Nbd2 h6 10. Rd1 a5 11. Nf1 Be6 $132 {Sabol,M-Mirumian,V/CZE 1998})
9. Nbd2 c5 10. Re1 Nc6 $11 {Schwarz hat keinerlei Probleme.} 11. a3 Be6 12. b3
Rc8 13. Bb2 d4 14. Nc4 Qc7 15. a4 dxc3 16. Bxc3 Nd7 17. Nfd2 b6 18. Ne3 Nb4 ({
Ein anderer Weg war} 18... Nd4) 19. Qb1 Rcd8 20. Ndc4 Nb8 ({Sicherer war} 20...
Nc6 21. Nd5 $132) 21. Bxb4 {Weiß nutzt die momentan etwas deplazierten
schwarzen Figuren zu einem Gegenspiel in der c-Linie.} cxb4 22. Nd5 {[%csl Rb8,
Rc7]} Qc5 {anders war der Pb4 nicht zu decken.} (22... Qd7 23. Nxb4 Nc6 24.
Nxc6 Qxc6 25. Rc1 $16) 23. Rc1 Rc8 (23... Nc6 $4 24. Nxe5 $18) 24. Ra2 {
[%cal Ya2c2]} Qf8 (24... Na6 25. Rac2 Qf8) 25. Rac2 Nd7 26. Nce3 Rxc2 $2 {
Die Preisgabe der c-Linie war anscheinend noch nicht notwendig.} (26... Nc5 27.
Rc4 Na6 {und Schwarz hält sich.} (27... a5 $6 28. f4 $36)) 27. Qxc2 $16 Nc5 (
27... Rd8 28. Qd2 (28. Qc7 Nc5 29. Qxa7 Nxb3) 28... a5 29. Rc6 Nc5 30. Qc2 $16)
28. a5 Rc8 $2 {Funktioniert taktisch nicht.} (28... Nd7 29. Qc7 $16) 29. axb6
axb6 30. Nxb6 $1 Rb8 (30... Nxb3 31. Qxc8 {Das war Van Wely wohl entgangen.} (
31. Nxc8 Nxc1 $17) 31... Bxc8 32. Rxc8 $18) 31. Nbd5 Rc8 32. Nc4 Nd7 33. Qd2
Bxd5 34. exd5 Qc5 35. Re1 Ra8 36. d6 Ra6 37. Bb7 Ra7 38. Bf3 Bf8 39. Qe3 Qxe3
40. Rxe3 Ra6 41. Kg2 Nb6 42. Nxb6 Rxb6 43. d7 Rd6 44. Bc6 f6 45. f4 Be7 46. Bb5
Kg7 47. fxe5 Rd5 48. exf6+ Kxf6 49. Bc4 Re5 (49... Rxd7 50. Re6+ Kg7) 50. Rf3+
Rf5 51. d4 Rxf3 52. Kxf3 Bd8 53. Ke4 Ke7 54. Bb5 Kd6 55. Kd3 Kc7 56. Kc4 Be7
57. Kd5 h5 58. Ke6 Kd8 59. d5 h4 60. gxh4 Bxh4 61. h3 g5 62. Kf5 Ke7 63. Kg4
Kd8 64. d6 Be1 65. Kxg5 Bc3 66. Kf5 Be1 67. Ke6 Bh4 68. Kd5 Bg3 69. Kc6 Bf2 70.
Kd5 Bg3 71. Ke4 Bxd6 (71... Be1 72. Kd4 Bh4 73. Kc4 Be1 74. Bc6 $22 $18) 72. h4
Bg3 73. h5 Be1 74. h6 Bc3 75. h7 Ke7 76. Kd5 Bh8 77. Kc6 Be5 78. h8=Q 1-0

[Event "YUG-ch53"]
[Site "Belgrade "]
[Date "1998.03.18"]
[Round "5"]
[White "Djuric, Stefan"]
[Black "Damljanovic, Branko"]
[Result "1-0"]
[WhiteElo "2520"]
[BlackElo "2540"]
[Annotator "Horn,Pe"]
[PlyCount "121"]
[EventDate "1998.03.14"]
[EventType "tourn"]
[EventRounds "15"]
[EventCountry "YUG"]
[EventCategory "10"]
[SourceTitle "CBM 064"]
[Source "ChessBase"]
[SourceDate "1998.06.02"]
[SourceVersion "1"]
[SourceVersionDate "1998.06.02"]
[SourceQuality "1"]

1. Nf3 Nf6 2. g3 d5 3. Bg2 c6 4. O-O Bg4 5. d3 Nbd7 6. Qe1 e5 7. h3 (7. e4)
7... Bxf3 8. exf3 Bd6 9. f4 O-O 10. fxe5 Bxe5 11. Nd2 Re8 {Nimmt noch ein
Tempo mit: Weiß hat aus der Eröffnung nichts herausgeholt.} 12. Qd1 Qb6 13. Kh1
Re7 14. Nf3 Bd6 15. a4 a5 16. c3 {[%cal Yf3d4]} Bc5 17. d4 Bd6 18. Nh4 g6 19.
Nf3 Rae8 20. Kg1 Ne4 $15 {Schwarz beherrscht die einzige offene Linie, er hat
einen prächtigen und vorschriftsgemäßen Vorposten auf e4 installiert: er kann
sehr mit seiner Position zufrieden sein. Das weiße B-Paar spielt in dieser
Stellung keine Geige: sie erfüllen nur defensive Aufgaben; keiner der B ist
besser als der Ne4. Und dennoch: es ist nicht einfach für Schwarz, handfeste
Fortschritte zu erzielen.} (20... Re2 $2 21. Ne5) 21. Ng5 Ndf6 22. Qd3 h5 (
22... h6 23. Nxe4 $11) 23. Nf3 Qb3 24. Qd1 Qb6 25. Qd3 {Weiß hat
verständlicherweise an einem Remis nichts auszusetzen.} Bb8 (25... Qb3 26. Qd1)
26. Rb1 {[%cal Yb2b3]} Qb3 27. Qd1 Qc4 28. Bh6 Qa6 29. Qc1 Nh7 30. Re1 Qb6 31.
Bf4 Bxf4 32. Qxf4 Qd8 (32... Qb3 {Die konsequente Fortsetzung des Spiels am
Q-flügel. Schwarz gewinnt einen P; Weiß kann aber anscheinend auf genügendes
Gegenspiel rechnen.} 33. Ne5 Qxa4 34. Bxe4 dxe4 35. b3 $44 (35. Qxe4 $2 Ng5)
35... Qa2 (35... Qb5 36. b4 a4 37. Ra1)) 33. Ne5 $11 Nd6 34. Bf1 Kg7 35. Bd3 f6
36. Nf3 Rxe1+ (36... Ne4 $142 $11 {Der Abtausch aller R entlastet Weiß.}) 37.
Rxe1 Rxe1+ 38. Nxe1 Ng5 39. Kg2 Qe7 (39... Qd7 40. h4 $14) 40. h4 $14 {[%csl
Gd3] Jetzt spielt sich die Position angenehmer für Weiß, da der Bd3
geringfügig wirksamer ist als die N.} Ngf7 (40... Nge4 $5) 41. Nf3 Nh6 {
Jetzt wäre Schwarz mit einem Remis sehr zufrieden ...} 42. Ng1 {[%csl Rg6]
[%cal Yg1e2,Ye2f4] ... aber Weiß nicht (mehr).} Nhf7 43. Ne2 Nh6 44. Qc1 g5 {
Eine radikale Methode, um Nf4 zu unterbinden. Der Zug hat aber auch Risiken:
er schwächt die schwarze Königs- und Zentralstellung erheblich.} (44... Nhf5
45. Nf4 $14) 45. hxg5 fxg5 46. Ng1 Qf6 47. Nh3 Nhf7 48. Qe3 Kg8 49. b3 {
Der Rest der Partie hinterläßt bei mir einen nervösen Eindruck: vielleicht gab
es Zeitprobleme.} h4 (49... Kg7 50. Qe2 (50. c4 Nf5 $11) 50... Kh6 51. Bc2 $36
{[%cal Ye2d3]}) 50. g4 Kg7 51. c4 Nh6 $2 (51... b6) 52. c5 $2 (52. Qxg5+ Qxg5
53. Nxg5 Nxg4 54. c5 $16) 52... Ndf7 53. f3 Kf8 54. Be2 Ng8 $1 55. f4 gxf4 56.
Nxf4 Ng5 57. Bd3 Ne7 $2 (57... Nh6 58. Ng6+ Kf7 (58... Kg7 $2 59. Nxh4 Nxg4 $2
60. Nf5+ $18) 59. Nxh4 (59. Ne5+ Kg7) 59... Nxg4 60. Qg3 Nh6 61. Qb8 Qe6 $11)
58. Nh5 Qh6 (58... h3+ 59. Kg3 Qh6 60. Qf4+ $18) 59. Qf4+ Ke8 $2 (59... Kg8 60.
Nf6+ Kg7 61. Ne8+ Kg8 62. Nd6 $40) 60. Nf6+ Kf8 61. Nh7+ 1-0

[Event "New York op"]
[Site "New York"]
[Date "1998.03.18"]
[Round "5"]
[White "Minasian, Artashes"]
[Black "Ziatdinov, Raset"]
[Result "1-0"]
[WhiteElo "2570"]
[BlackElo "2515"]
[Annotator "Horn,Pe"]
[PlyCount "79"]
[EventDate "1998.03.16"]
[EventType "swiss"]
[EventRounds "9"]
[EventCountry "USA"]
[SourceTitle "CBM 064"]
[Source "ChessBase"]
[SourceDate "1998.06.02"]
[SourceVersion "1"]
[SourceVersionDate "1998.06.02"]
[SourceQuality "1"]

1. Nf3 d5 2. g3 Nf6 3. Bg2 e6 4. O-O Be7 5. d3 O-O 6. Nbd2 Nbd7 {Schwarz war
aus irgendwelchen Gründen nicht an einer Auseinandersetzung über die
Hauptvarianten interessiert.} (6... c5 7. e4 Nc6) 7. e4 dxe4 (7... c5 $6 8. e5
{Dem Nf6 fehlt hier das Ausweichfeld d7.}) 8. dxe4 Nc5 (8... e5 $14 {
verhindert die folgende Einengung; Weiß steht aber auch hier etwas bequemer.})
9. e5 $146 {Das kann nur deswegen eine Neuerung sein, weil diese Stellung
selten auftritt: der Zug ist sehr logisch. Er klopft den weißen Raumvorteil
fest und öffnet dem Bg2 eine schöne Diagonale.} (9. Qe2 a5 10. Rd1 Qe8 (10...
b6 11. Nc4 Qe8 $14) 11. b3 Nfd7 12. Bb2 f6 13. Nd4 $14 {Sale,S-Brecevic,V/
Portoroz op/1995}) 9... Nd5 10. b3 (10. Qe2) 10... a5 (10... Nc3 11. Qe1 $14 {
[%cal Yc1b2] Der Nc3 kann sich nicht behaupten.}) 11. a3 (11. Bb2 a4 {Hier
kann Schwarz eher auf Gegenspiel rechnen.}) 11... f5 (11... b5) (11... b6 12.
Bb2 Ba6 $140 13. c4 Nd3 14. Bd4 $16) 12. Bb2 $14 {[%csl Rc8] Schwarz hat kein
aktives Spiel bekommen und er muß nach wie vor das Problem des Bc8 lösen.} (12.
exf6 $4 Bxf6 $19) 12... Bd7 13. Nd4 $1 {[%csl Rd7] alle vielleicht vorhandenen
Träume von einem auf h5 feselnden B oder einer Aktivierung über c6 sind damit
zerstoben.} Qe8 14. Qe2 (14. c4 Nb6 (14... Nd3 $2 15. Qc2 Nxb2 16. cxd5 $18)
15. Qc2 $14) 14... Rd8 $6 {Das erweist sich als Zeitverlust. Aber es fällt
nicht leicht einen konstruktiven Plan zu finden.} 15. c4 Nb6 16. Bc3 {[%csl
Gg2]} Ra8 17. f4 Qc8 18. g4 c6 {[%csl Rd7]} (18... fxg4 19. Qxg4 a4 {Ein auch
nicht ganz befriedgender Versuch, zu aktivem Spiel zu kommen.} 20. b4 Nb3 21.
N2xb3 (21. N4xb3 axb3 22. c5 Na4 (22... Nd5 $2 23. Bxd5 exd5 24. e6 $18) 23.
Rf3 $14) 21... axb3 22. c5 Na4 23. Qh3 $14) 19. Kh1 Be8 20. Bh3 Bg6 21. Rf3 Qd7
22. Rg3 Nc8 (22... fxg4 23. Qxg4 {[%csl Re6,Rg7]}) 23. Rag1 Bh4 $2 24. R3g2 Ne7
(24... Be7 25. gxf5 exf5 26. e6 (26. Rxg6 $5) 26... Qc7 27. Nxf5 $18) (24...
Bd8 25. gxf5 exf5 26. e6 Qc7 27. Nxf5 $18) (24... fxg4 25. Qxg4 $18) 25. g5 $18
{[%csl Rh4]} (25. Qe3) (25. N2f3) 25... Qe8 26. N4f3 Bh5 27. Qe3 Bxf3 28. Nxf3
Ng6 29. Qxc5 (29. Nxh4 Nxh4 30. Qxc5 Nxg2 31. Bxg2 $18) 29... Nxf4 30. Nxh4
Nxh3 31. Rf1 Qh5 32. Nf3 Nf4 33. Rd2 Rad8 34. Qe3 Qh3 35. Rff2 Nh5 36. Kg1 f4
37. Qe4 Ng3 38. hxg3 fxg3 39. Rg2 Rxd2 40. Bxd2 1-0

[Event "ARG-ch"]
[Site "Buenos Aires"]
[Date "1998.04.16"]
[Round "2"]
[White "Spangenberg, Hugo"]
[Black "Ginzburg, Maximiliano"]
[Result "1-0"]
[WhiteElo "2530"]
[BlackElo "2470"]
[Annotator "Horn,Pe"]
[PlyCount "89"]
[EventDate "1998.04.15"]
[EventType "tourn"]
[EventRounds "15"]
[EventCountry "ARG"]
[EventCategory "9"]
[SourceTitle "CBM 065"]
[Source "ChessBase"]
[SourceDate "1998.08.06"]
[SourceVersion "1"]
[SourceVersionDate "1998.08.06"]
[SourceQuality "1"]

1. Nf3 Nf6 2. g3 d5 3. Bg2 c6 4. d3 Bg4 5. Nbd2 e6 6. O-O Nbd7 7. b3 Bd6 8. Bb2
O-O 9. Qe1 Re8 10. e4 e5 11. h3 Bh5 12. Nh4 a5 13. a3 Bf8 (13... Bc5 $5 {
Das ist sicher aktiver als der Partiezug.} 14. Ndf3 Qc7 15. Nf5 Bxf3 16. Bxf3
Nf8 17. Bg2 dxe4 18. dxe4 Ne6 $132 {Danailov,S-Kramnik,V/Oviedo/1992}) 14. Kh1
{[%cal Yf2f4]} Nc5 15. Qe3 {Ein seltenes Feld für die Q. Der Zug macht nur
Sinn, weil Schwarz Nc5 gezogen hat, ansonsten müßte die Qe3 nach Bc5 den
Rückzug antreten.} dxe4 (15... Qc7 {hält die Spannung im Zentrum aufrecht. Das
aber für Schwarz auch nicht ganz ungefährlich, da der Pd5 einen Unterstützer
verliert. Ich habe allerdings keine Möglichkeit gefunden, dies unmittelbar zu
bestrafen:} 16. g4 (16. exd5 Nxd5) 16... Bg6 17. g5 $140 $6 (17. f4 $6 exf4 18.
Qxf4 Bd6 $132) 17... d4 {[%cal Yf6h5,Yh5f4]}) (15... d4 $6 16. Qe1 {[%cal
Yf2f4] würde Weiß sehr gerne sehen: die Auflösung der Spannung im Zenrum
erhöht die Kraft von f2-f4.}) 16. dxe4 Qc7 {[%cal Yc5e6,Ye6d4]} 17. Qc3 $5 {
Dieser interessante Zug gibt der Partie noch lange das Gepräge: die Qc3 greift
an vorderster Front in das taktische und strategische Geschehen ein. Zunächst
wird das beabsichtigte Ne6 unterbunden.} Nfd7 {[%cal Yc5e6] Nun geht wieder
Ne6.} 18. f4 {Nur so kann Weiß Qc3 rechtfertigen: wenn Schwarz zu Ne6-d4 kommt,
steht die Qc3 restlos verkehrt.} exf4 {Eine sehr verpflichtende Entscheidung:
Schwarz öffnet dem Weißen Diagonalen (a1-h8) und Linien (g1-g7), was speziell
den Kg8 in Gefahr bringen kann. Außerdem werden die Pe4/Pf4 mobil. Dafür
erhält er freie Schußlinien im Zentrum.} (18... f6 {Danach verläuft das Spiel
eher in ruhigen Bahnen. Ich bin nicht sicher, wie Weiß dann fortgesetzt hätte.}
19. f5 $14 {[%cal Yg3g4,Yg4g5] Die weißen Chancen liegen am K-flügel.
Allerdings sieht jetzt die Batterie Bb2/Qc3 nicht sehr wirkungsvoll aus.} (19.
Rae1 {Damit erhält sich Weiß alle Möglichkeiten.})) 19. gxf4 f6 (19... Nf6 $6 {
Das ist die allerhärteste Spielweise. Die Stellung wird dann äußerst
kompliziert, und die angegebenen Varianten sind nur Versuche, zu verstehen,
was dann passieren könnte.} 20. Nf5 $5 (20. e5 Nd5 21. Qg3 Rad8 $13) 20...
Ncxe4 $140 $2 (20... Rad8 $142 21. Ng3 (21. Rae1) 21... Ne6 (21... Rxd2 22.
Qxd2 Ncxe4 23. Nxe4 Nxe4 24. Bxe4 Rxe4 25. Rae1 $16) 22. e5 Bc5 23. Nc4 (23.
exf6 $5 Bd4 24. Nxh5 Bxc3 25. Bxc3 g6 26. Ng7 $13) 23... Bd4 24. Qe1 Bxb2 25.
Nxb2 Nxf4 26. Rxf4 Rxe5 27. Qf2 $16) 21. Nxe4 Nxe4 22. Bxe4 Rxe4 23. Nxg7 $18)
20. Rae1 Kh8 (20... Bd6 21. e5 $5 fxe5 22. Nf5 $36) 21. e5 {[%csl Gb2,Gc3]
Gewinnt Raum im Zentrum und setzt auf die lange Diagonale (b2-g7).} Bf7 (21...
Rad8 22. Nc4 b6 23. Nf5 $16) 22. Nf5 Bd5 $2 {Allerspätestens an dieser Stelle
scheint mit das schwarze Konzept von 18...exf4 mißlungen.} (22... fxe5 23. fxe5
Be6 {Versuch einer Blockade des Pe5.} 24. Nd6 $16) 23. Qg3 (23. Bxd5 cxd5 24.
Rg1 Ne6 25. Qxc7 Nxc7) 23... Bxg2+ 24. Qxg2 $40 fxe5 ({nach} 24... Ne6 25. Ne4
{müßte Schwarz doch auf e5 schlagen.}) 25. fxe5 {[%csl Gd6][%cal Yf5d6,Yd2c4]}
Re6 {Der R begibt sich auf Abwege; ich habe aber keine voll befriedigenden
Fortsetzungen mehr gefunden.} (25... Nxe5 $2 26. Qg3 Ncd7 27. Nc4 $18) (25...
Ne6 26. Nc4 Ndc5 27. Ncd6 Bxd6 (27... Red8 28. Nh6 $18) 28. exd6 Qd7 29. Qg4
$18) 26. Nc4 Rg6 27. Qf3 Ne6 28. Ncd6 Ndc5 (28... Nec5 29. Nf7+ Kg8 30. e6 $1
$18 Nxe6 $140 31. N5h6+ Rxh6 32. Nxh6+ gxh6 33. Qf7#) 29. Nh4 $18 Bxd6 30. exd6
Qxd6 31. Nxg6+ hxg6 32. Qe3 Qd5+ 33. Kh2 Qg5 34. Qxg5 Nxg5 35. Re5 Nge4 36. Rf4
Rd8 37. Rfxe4 Nxe4 38. Rxe4 Rd2+ 39. Kg3 Rxc2 40. Be5 b5 41. Re3 c5 42. Rc3 Ra2
43. Rxc5 Rxa3 44. Rxb5 a4 45. Bb2 1-0

[Event "Sao Paulo zt"]
[Site "Sao Paulo"]
[Date "1993.??.??"]
[Round "1"]
[White "Braga, Cicero Nogueira"]
[Black "Campora, Daniel Hugo"]
[Result "0-1"]
[WhiteElo "2370"]
[BlackElo "2550"]
[Annotator "Horn,Pe"]
[PlyCount "82"]
[EventDate "1993.??.??"]
[EventType "swiss"]
[EventRounds "9"]
[EventCountry "BRA"]
[SourceTitle "CBM 036"]
[Source "ChessBase"]
[SourceDate "1993.10.01"]
[SourceVersion "1"]
[SourceVersionDate "1993.10.01"]
[SourceQuality "1"]

1. Nf3 d5 2. g3 Bg4 3. Bg2 Nd7 4. O-O c6 5. d3 e5 6. e4 dxe4 7. dxe4 f6 8. Nbd2
Nc5 9. Qe1 (9. h3 $5 Be6 10. Qe2) 9... Ne7 10. a4 Nc8 11. h3 Bh5 12. Nh4 Ne6
13. Nb3 Bd6 14. Bf3 (14. Nf5) (14. Be3 $14) (14. f4 $6) 14... Bxf3 15. Nxf3 O-O
16. Be3 Qe7 17. a5 Rb8 18. Qc3 (18. Qe2) (18. Nfd2 $14) 18... Kh8 19. Rfd1 c5
20. Nfd2 $6 (20. Qc4 Nd4 21. Bxd4 exd4 (21... cxd4 22. c3 dxc3 23. Qxc3) 22.
Re1) 20... b5 21. axb6 axb6 22. Nc4 Nd4 23. Bxd4 (23. Qd3 Bc7 24. Nxd4 exd4) (
23. Nxd6 $4 Ne2+ $19) 23... exd4 24. Qf3 (24. Qd3 $2 Bc7 25. Ncd2 b5 $17) 24...
Bc7 25. Qg4 (25. c3 $2 Qe6) 25... Qf7 26. Ncd2 Nd6 27. Ra7 $2 (27. Re1 $15)
27... Nb5 28. Ra4 (28. Raa1 c4 $17) 28... Rbe8 29. Qe2 $2 (29. h4 $17) 29...
Qd7 $1 30. Rda1 (30. Kg2 $2 Nc3) 30... f5 $19 31. e5 Bxe5 32. Qf3 Nd6 33. Ra8
c4 34. R1a7 Qe6 35. Nc1 h6 36. Ne2 Kh7 37. Rxe8 Rxe8 38. Qc6 d3 39. cxd3 cxd3
40. Nc3 Bd4 41. Nf3 Bxf2+ (41... Bxf2+ 42. Kxf2 Qe3+ 43. Kg2 Ne4 $19) 0-1